MDQL
is popping MORE tags! Check the
thread
!
Quizzes
Events
Quiz Creation
Community
Videos
Private Events
Remove Ads
Sign In
Join for FREE
Feedback
Dark Mode
Quiz Categories
Sports
Geography
Music
Movies
Television
Just For Fun
Miscellaneous
History
Literature
Language
Science
Gaming
Entertainment
Religion
Holiday
For Kids
Quiz Lab
Recent
Popular Today
Quiz Kudos Today
Editor Picks
Curator Picks
Quizzes by...
Day
Popularity
Type
Ratings
Length
Year
Community
Subscriptions
Recent Discussions
Orange Saloon
Badges
Playlists
Quests
Create
Leaderboards
Showdown
Live 5
Trivia Bingo
Activity
Puzzle Library
Sporcle Events
Private Events
Virtual Trivia
Globe League
Become a Host
Pub Owners
SporcleCon
Opinionation
Our Games
Videos
Blog
Mobile Apps
Partnerships
Remove Ads and Go Orange
Feedback
Geography
Country
Landmarks
City
State
Population
World
Capital
Continent
Flags
Europe
Africa
Asia
South America
North America
Oceania
Border
Canada
United Kingdom
Topography
United States
Geography
Country
Landmarks
City
State
Population
World
Capital
Continent
Flags
Europe
Africa
Asia
South America
North America
Oceania
Border
Canada
United Kingdom
Topography
United States
Random Quiz
Search Sporcle
×
Quiz Lab
Quiz Lab
Geography
Country
Type answers based on single images at one time
Type answers based on single images at one time
Slideshow
Best Score? Go Orange.
European Tourist Spots Stats
Can you find the European countries based on photos of their tourist attractions?
By
tmishler
10m
46 Questions
382 Plays
382 Plays
382 Plays
Comments
Comments
Give Quiz Kudos
Give Quiz Kudos
-
- Ratings
hide this ad
More Info
Replay
Link that replays current quiz
Next Quiz
Link to next quiz in quiz playlist
You Got
0%
They Got
Avg Score
51%
Avg Friend Score
Upgrade to see
Score Distribution
Jump to the score distribution portion of the page
Score
0/46
Timer
10:00
0
Plays Today
% Correct
Italy
95.5%
Greece
84%
France
81.4%
Germany
80.3%
Poland
77.4%
Russia
76.9%
Ireland
73.8%
Belgium
70.3%
Finland
70.1%
United Kingdom
65.6%
Netherlands
63.5%
Vatican City
63.3%
Hungary
63.3%
Denmark
63%
Switzerland
60.6%
Norway
60.4%
Austria
60.4%
Sweden
59.8%
Spain
57%
Czechia
55.6%
Portugal
52.2%
Iceland
52.2%
Albania
51.2%
% Correct
Monaco
50.9%
Turkey
49.1%
Romania
49.1%
San Marino
47.8%
Croatia
45.1%
Slovenia
41.2%
Kosovo
39.4%
Ukraine
38.6%
Luxembourg
37.3%
Estonia
37%
Andorra
36%
Bosnia and Herzegovina
35.7%
Belarus
35.7%
Lithuania
35.7%
Serbia
34.1%
Moldova
30.4%
Liechtenstein
29.1%
Cyprus
27.3%
Latvia
26.5%
Bulgaria
26.5%
Slovakia
26%
Montenegro
25.2%
Macedonia
23.1%
Quiz Playlist
Details
Report
Send in Message
Add To Playlist
More Info:
Write the European country based on the photo of one of its tourist attractions.
Slideshow:
Type answers based on single images at one time
Last Updated: Feb 24, 2017
Quiz Scoreboard
CHALLENGE
Sign Up to Join the Scoreboard
Show All
Scores
Hide
Comments
May contain spoilers
Recently Published
Holiday 10x10 Sorting Gallery
by lukepisani3
Holiday
15m
Two Season TV Shows II
by 123Four
Television
10m
Image Sorting: Flags VI
by Barbecue
Geography
2m
More to Explore
Quiz From the Vault
Featured Blog Post
14 Easter Pick-up Lines to Find Eggs With
hide this ad
You Might Also Like...
Tags
Continent Quiz
Country Quiz
Europe Quiz
Landmarks Quiz
map
Slideshow
tourism
Today's Top Quizzes in Geography
Browse Geography
hide this ad
Today's Top Quizzes in Country
Browse Country
Top Contributed Quizzes in Geography
1
Colored Red Europe Blitz I
2
Countries of the World - No Outlines Minefield
3
Colored Red Africa Blitz II
4
Colored Red Europe Blitz II
5
Colored Red Europe Blitz III
6
Colored Red Africa Blitz III
7
Colored Red States Blitz I
8
A Different View: World Oceans
9
Colored Red States Blitz II
10
Colored Red States Blitz III
Explore More
Trending Topics
Harry Potter
NBA
Kpop
Disney
Marvel
Crossword
Anime
Puzzle
Country
WWE
The Office
Soccer
Song
Pokémon
NFL
hide this ad
More By:
tmishler
Quiz
Plays
Rating
Category
Featured
Created
Movies From 0 to 13
507
3.83
Movies
Sep 2, 2016
European Tourist Spots
382
4.20
Geography
Sep 3, 2016
Assassin's Creed in History
353
5.00
Gaming
Jul 10, 2018
I Love You Asia
51
4.00
Language
Mar 21, 2018
Go to Creator's Profile
Score Distribution
Quiz Creator Spotlight
tmishler
Follow
Send a Message
Quizzes Created
-
Created Quiz Play Count
-
More By This Creator
Popular Quizzes Today
1
Find the US States - No Outlines Minefield
2
Colored Red Africa Blitz
3
Find the 'City' Movie
4
The Countries of the World
5
5x2 Blitz: Bands
6
Find the Countries of Europe - No Outlines Minefield
7
Find the US States
8
US States
More Geography Quizzes
Pixel Art - African Flag II
Published
Trending Quizzes
Colored Red Europe Blitz I
Colored Red Europe Blitz II
Colored Red Africa Blitz II
Colored Red Europe Blitz III
Colored Red Africa Blitz III
Recently Updated
Odd Team Out - Big 4 Players
pecheneg
Quick Pick: 20 Twenties
pecheneg
March Madness Men's Triple Doubles
pecheneg
How Do You Spell That?
pecheneg
Godzilla Movies
pecheneg
Grab Bag: 4-10 Letters
pecheneg
2024 March Madness Bracket
pecheneg
Famous TV Couples
Peacemaker
Champions League XIs: Real Madrid
pecheneg
Largest US Cities 1790-2010
pecheneg
Trending Topics
Crossword
Kpop
Marvel
NBA
Harry Potter
Disney
Anime
The Office
Puzzle
Soccer
WWE
Song
Country
NFL
Pokémon
Your Account Isn't Verified!
In order to create a playlist on Sporcle, you need to verify the email address you used during registration. Go to your
Sporcle Settings
to finish the process.
Report this User
Report this user for behavior that violates our
Community Guidelines
.
Details:
Send Report
Go to the Sporcle.com Mobile Site →
Comments